000 01184nam2a2200253 4500
001 rc\2914597
005 20260315054349.0
035 _a(NLR Aleph) 007065093
090 _a13593836
_c13593836
100 _a20110809d1938 u y0rusy50 ca
101 0 _arus
102 _aRU
105 _ay z |||||
200 1 _aМатериалы к 21 и 22 лекциям кандидата исторических наук товарища Галкина И.С.
_eФранция в 1870-1914 гг.
210 _d1938
215 _a40 с.
225 1 _aКурс всеобщей истории
_fВысшая школа пропагандистов им. Я.М. Свердлова при ЦК ВКП(б)
461 0 _1001rc\2914596
_12001#$aКурс всеобщей истории$eНовая история$v[Т. 1]
_96324661
_cМосква
_d1938
_nБ. и.
_oНовая история
_tКурс всеобщей истории
_v[Т. 1]
702 1 _45703
_7ca
_8rus
_aГалкин
_bИ. С.
_cд-р ист. наук
_f1898-1990
_gИлья Саввич
_9238730
_3RU\NLR\AUTH\770238786
801 0 _aRU
_bNLR
_gpsbo
801 1 _aRU
_bELAR
_2rusmarc
852 _aNLR
_j38-18/71
942 _cUNSPEC
980 _aNB